| 000 | 01008cad a22002415a 4500 | ||
|---|---|---|---|
| 001 | E148705 | ||
| 008 | 091021s2009 xxkd f s 000 0 eng d | ||
| 035 | _a(Sirsi) u148705 | ||
| 041 | 0 | _aeng | |
| 050 | 0 | 4 | _a333.337 $2 18 |
| 110 | 2 |
_aColliers International Property Consultants _91881 |
|
| 245 | 0 | 0 |
_aEMEA investment market update _b2009 Q3 _h[electronic resource] |
| 260 |
_aLondon _bColliers _c2009 |
||
| 490 | 0 | _aColliers EMEA Investment Market Update | |
| 520 | _aReports that EMEA prime yields have steadied, however rents are expected to fall in most areas and this will in turn lead to falls in capital values. Investment volume is expected to increase in H2 2009. | ||
| 590 | _aKA | ||
| 650 | 2 | 4 | _aCOLLIERS EMEA INVESTMENT MARKET UPDATE |
| 651 | 4 | _aEurope | |
| 690 | _aPROPERTY-COMMERCIAL PROPERTY-COMMERCIAL PROPERTY MARKET | ||
| 690 | _aPROPERTY-INVESTMENT PROPERTY | ||
| 856 | 4 | 0 |
_uhttps://www.colliers.com _zView the market overview free of charge at www.colliers.com... |
| 942 | _n0 | ||
| 999 |
_c110174 _d110174 |
||